000 00469nam a2200193Ia 4500
003 GCL
008 140319s9999 xx 000 0 eng d
040 _aGCL /
_cGCL
082 0 4 _a709.5
_bN A
100 1 _aNGUYT, TUYET
245 1 0 _aARTS OF ASIA /
_cNGUYT, TUYET
260 _aهونج كونج :
_bTUYET NGUYET
300 _a186 P
_bILL. ؛
_c30 cm.
650 0 4 _aCERAMICS
650 0 4 _aASIA
650 0 4 _aASIAN ART
650 0 4 _aMETAL - WORKS
942 _2ddc
_cBK
999 _c7836
_d7836